006420000a220008500045001000017000002450066000173000052000835200376001357730045005111 aCala, Felipe10aEl psicólogo de Auschwitz : Un silencioso éxito de ventas aVol.0, núm.18 ( Marzo, 2007), Páginas 12-13 aEl ejercicio es sencillo: acérquese a una librería, pregunte al librero cuál es el libro que más ha vendido durante estos últimos quince años y le contestará, sin dudarlo, que El hombre en busca de sentido. Un long seller internacional que se encasilla en la autoayuda, pero que está escrito por el fundador de la tercera escuela vienesa de Psicología.0 tArcadia / Andrés Felipe Solano, Editor